00251nam a2200109Ia 4500008004100000041001200041082001100053100001700064245004800081260000600129650000600135221030s9999 xx 000 0 und d aEnglish a105.23 aJ. C. Palais 0aFiber Optic Communicaitonscby J. C. Palais c0 aB